<?xml version="1.0" encoding="UTF-8"?>
<collection xmlns="http://www.loc.gov/MARC21/slim">
    <record>
        <controlfield tag="001">60894</controlfield>
        <controlfield tag="005">20190214135733.0</controlfield>
        <datafield tag="037" ind1=" " ind2=" ">
            <subfield code="a">BOOK-2017-012</subfield>
        </datafield>
        <datafield tag="041" ind1=" " ind2=" ">
            <subfield code="a">spa</subfield>
        </datafield>
        <datafield tag="100" ind1=" " ind2=" ">
            <subfield code="a">Fernández Ruíz, Mª Jesús</subfield>
            <subfield code="b">mjferuiz@zaragoza.es</subfield>
        </datafield>
        <datafield tag="245" ind1=" " ind2=" ">
            <subfield code="a">IDEZar: La Infraestructura de Datos Abiertos Espaciales del Ayuntamiento de Zaragoza (2004 - )</subfield>
        </datafield>
        <datafield tag="250" ind1=" " ind2=" ">
            <subfield code="a">1ª edición</subfield>
        </datafield>
        <datafield tag="260" ind1=" " ind2=" ">
            <subfield code="a">Zaragoza</subfield>
            <subfield code="c">2017</subfield>
        </datafield>
        <datafield tag="300" ind1=" " ind2=" ">
            <subfield code="a">83</subfield>
        </datafield>
        <datafield tag="500" ind1=" " ind2=" ">
            <subfield code="a">Reconocimiento-NoComercial-CompartirIgual 4.0 Internacional (CC BY-NC-SA 4.0)</subfield>
        </datafield>
        <datafield tag="520" ind1=" " ind2=" ">
            <subfield code="a">La característica principal a destacar en esta historia de más de 10 años es la perfecta conjunción conseguida entre el Ayuntamiento de Zaragoza y el Grupo de Investigación de Sistemas de Información Avanzados de la Universidad de Zaragoza, que ha permitido aplicar la tecnología de las infraestructuras de datos espaciales para desarrollar y poner en operación en 2004 la Infraestructura de Datos Abiertos Espaciales del Ayuntamiento de Zaragoza (IDEZar) como iniciativa para organizar la gestión de la información espacial en la entidad e integrarla en la Sede Electrónica del Ayuntamiento de Zaragoza como conjunto sistematizado de información, servicios, procesos participativos y operatorias accesibles a través de protocolos web, en el que se integran la información y los servicios sobre esa información que componen IDEZar. El desarrollo de IDEZar es coetáneo y evoluciona en paralelo al desarrollo de la Infraestructura de Datos Espaciales de España (IDEE), cuyo geoportal se abrió en el año 2004, y la puesta en marcha de IDE por otros gobiernos e instituciones en España. Además, la IDEE e IDEZar tienen un factor común y es la participación en ambas del mencionado Grupo de Investigación de Sistemas de Información Avanzados de la Universidad de Zaragoza (IAAA), y especialmente de Pedro Muro Medrano, Francisco J. López Pellicer, Rubén Béjar Hernández, Javier Nogueras Iso, F. Javier Zarazaga Soria, Miguel ángel Latre Abadía, Pedro álvarez Pérez-Aradrós, Jesús Barrera Francés, Javier Lacasta Miguel, Silvia Laiglesia Martínez y Laura Fernando López y una larga lista de colaboradores de apoyo. Fue precisamente la confluencia, en 2002, de la necesidad del Instituto Geográfico Nacional y del Centro Nacional de Información Geográfica de liderar y coordinar la Infraestructura de Datos Espaciales de España (IDEE), de manera que permitiera ajustarse a la evolución de la iniciativa europea INSPIRE y, en su día, cumplir la Directiva europea que se derivaría de ella, y el fuerte impulso a la investigación sobre infraestructuras de datos espaciales que surgía del Grupo de investigación TeIDE (Tecnologías para las Infraestructuras de Datos Espaciales), como consorcio de equipos de I+D de las Universidades de Zaragoza (Dpto. de Informática e Ing. de Sistemas, Grupo de Investigación de Sistemas de Información Avanzados, dirigido por Pedro Muro), Jaume I de Castellón (Dpto. de Lenguajes y Sistemas Informáticos, Grupo de Sistemas de Información Geográfica, dirigido por Michael Gould y Joaquín Huerta) y Politécnica de Madrid (Dpto. de Ing. Topográfica y Cartografía, Grupo Mercator, dirigido por Miguel A. Bernabé y Miguel ángel Manso), que tenía por objeto impulsar la investigación y el desarrollo tecnológico e implantación de Infraestructuras de Datos Espaciales (IDE) y en la aplicación de esas infraestructuras para la solución de problemas y proporcionar servicios al ciudadano, las empresas y las instituciones, lo que actuó como potente motor para el desarrollo de la IDEE mediante el establecimiento, en 2003, de un convenio de colaboración entre el IGN y la Universidad de Zaragoza, y a través de esta, con el Grupo TeIDE. Ese impulso no sólo fue fundamental para la IDEE, lo fue también para el desarrollo de las IDE en España, entre ellas y muy en particular, IDEZar...</subfield>
        </datafield>
        <datafield tag="540" ind1=" " ind2=" ">
            <subfield code="9">info:eu-repo/semantics/openAccess $a Esta obra está sujeta a una licencia de uso Creative Commons. Se permite la reproducción total o parcial, la distribución, la comunicación pública de la obra y la creación de obras derivadas, siempre que no sea con finalidades comerciales, y sempre que se reconzca la autoria de la obra original. $u https://creativecommons.org/licenses/by-nc/4.0/</subfield>
        </datafield>
        <datafield tag="655" ind1=" " ind2="4">
            <subfield code="a">info:eu-repo/semantics/publishedVersion</subfield>
        </datafield>
        <datafield tag="655" ind1=" " ind2="4">
            <subfield code="a">info:eu-repo/semantics/book</subfield>
        </datafield>
        <datafield tag="700" ind1=" " ind2=" ">
            <subfield code="a">Zarazaga-Soria, F. Javier</subfield>
        </datafield>
        <datafield tag="856" ind1="0" ind2=" ">
            <subfield code="f">zaguan@unizar.es</subfield>
        </datafield>
        <datafield tag="856" ind1="4" ind2=" ">
            <subfield code="s">9309541</subfield>
            <subfield code="u">http://zaguan.unizar.es/record/60894/files/BOOK-2017-012.pdf</subfield>
            <subfield code="z">Texto completo</subfield>
        </datafield>
        <datafield tag="909" ind1="C" ind2="O">
            <subfield code="o">oai:zaguan.unizar.es:60894</subfield>
            <subfield code="p">books</subfield>
        </datafield>
        <datafield tag="980" ind1=" " ind2=" ">
            <subfield code="a">BOOK</subfield>
            <subfield code="b">DIVULGA</subfield>
            <subfield code="b"></subfield>
        </datafield>
    </record>

    
</collection>